| 000 | 02071nam a2200361 4500 | ||
|---|---|---|---|
| 001 | 113659 | ||
| 003 | DR-UNIBE | ||
| 005 | 20251113113627.0 | ||
| 008 | 250521b2007 dr ||||| |||| 00| 0 spa d | ||
| 020 | _a9789945161274 | ||
| 040 |
_aBIBLIOTECA UNIBE _bspa _cBIBLIOTECA UNIBE |
||
| 041 | _aspa | ||
| 082 |
_222 _aRD 342.7293023 V164c |
||
| 100 | 1 |
_aValerio Jiminián, Manuel Alejandro _eautor _9195804 |
|
| 245 | 1 | 0 |
_aConstitución, democracia y ciudadanía / _cManuel Alejandro Valerio Jiminián |
| 260 |
_aSanto Domingo : _bConsorcio de Educación Cívica de la República Dominicana : _bPontificia Universidad Católica Madre y Maestra (PUCMM), _c2007 |
||
| 300 |
_a288 páginas ; _c25 cm |
||
| 504 | _aIncluye bibliografía al final de cada capítulo e índice | ||
| 505 | 0 | _aPrólogo | Introducción | Unidad I. Concepto de Constitución. Origen | Unidad II. La Constitución: instrumento de organización del Estado | Unidad III. El poder y el Estado | Unidad IV. La reforma de la Constitución | Unidad V. Derechos y deberes fundamentales de las personas | Unidad VI. Nación, Estado y Constitución | Unidad VII. El gobierno | Unidad VIII. El sistema político y el Estado | Unidad IX. Partidos políticos, Estado y Constitución | Unidad X. Las organizaciones y los movimientos sociales | Unidad XI. La ciudadanía y los valores democráticos | |
| 610 | 1 | 7 |
_2lemb _aRepública Dominicana _xConstitución _9195809 |
| 650 | 7 |
_2lemb _aDemocracia |
|
| 650 | 7 |
_2lemb _aCiudadanía |
|
| 651 | 7 |
_2lemb _aRepública Dominicana _xDerecho constitucional _95535 |
|
| 700 | 1 |
_aSang Ben, Mu-Kien Adriana, _d1955- _eprologuista _erevisor _913568 |
|
| 700 | 1 |
_aValdez, Rayza _erevisor _9195805 |
|
| 700 | 1 |
_aGarcía, Nerys _erevisor _9195806 |
|
| 700 | 1 |
_aDoñé Corporán, Susana _erevisor _9113760 |
|
| 700 | 1 |
_aPichardo de Villamil, Frida _erevisor _9195807 |
|
| 700 | 1 |
_aJorge Prats, Eduardo, _d1964- _erevisor _98540 |
|
| 700 | 1 |
_aBejarán, Carmen _ecorrector de estilo _9195808 |
|
| 700 | 1 |
_aSimó, Eric _ediagramador y arte final _931870 |
|
| 942 |
_2ddc _cBK |
||
| 999 |
_c113659 _d113659 |
||